[Event "Wroclaw Anderssen Memorial op-A"]
[Site "Wroclaw"]
[Date "2023.08.12"]
[Round "8"]
[White "Checiak, Krzysztof"]
[Black "Terkiewicz, Bruno"]
[Result "0-1"]
[WhiteElo "2001"]
[BlackElo "1874"]
[PlyCount "86"]
[EventDate "2023.08.06"]
[EventType "swiss"]
[EventRounds "9"]
[EventCountry "POL"]
[SourceTitle "CBM 215 Extra"]
[Source "ChessBase"]
[SourceDate "2023.09.30"]
[SourceVersion "1"]
[SourceVersionDate "2023.09.30"]
[SourceQuality "1"]

1. e4 c5 2. Nf3 Nc6 3. d4 cxd4 4. Nxd4 e5 5. Nb5 d6 6. N1c3 a6 7. Na3 Be6 8. Nc4 Rb8 9. Nd5 Bxd5 10. exd5 Nce7 11. Be2 b5 12. Ne3 f5 13. g3 Nf6 14. c4 g6 15. b3 Bg7 16. 0-0 0-0 17. Ng2 Re8 18. Qc2 Qc7 19. Qd1 Ne4 20. Bd2 b4 21. Rc1 Kh8 22. f3 Nc5 23. Be3 f4 24. Bf2 fxg3 25. hxg3 Nf5 26. Bd3 e4 27. fxe4 Nxe4 28. Bxe4 Rxe4 29. Re1 Rbe8 30. Rxe4 Rxe4 31. c5 Bd4 32. Qf3 Bxf2+ 33. Kxf2 Re8 34. g4 Qg7 35. Qd3 Nd4 36. Rc4 dxc5 37. Rxc5 Qf8+ 38. Kg3 Qxc5 39. Qxa6 Ne2+ 40. Kh3 Qc3+ 41. Kh4 Qg3+ 42. Kg5 Qe5+ 43. Kh4 g5+ 0-1

[Event "Polanica Zdroj op-B 58th"]
[Site "Polanica Zdroj"]
[Date "2022.08.13"]
[Round "1"]
[White "Terkiewicz, Bruno"]
[Black "Penza, Denis"]
[Result "1-0"]
[WhiteElo "1473"]
[BlackElo "1836"]
[PlyCount "97"]
[EventDate "2022.08.13"]
[EventType "swiss"]
[EventRounds "9"]
[EventCountry "POL"]
[SourceTitle "CBM 210 Extra"]
[Source "ChessBase"]
[SourceDate "2022.11.30"]
[SourceVersion "1"]
[SourceVersionDate "2022.11.30"]
[SourceQuality "1"]

1. Nf3 d5 2. g3 Nf6 3. Bg2 Bf5 4. c4 c6 5. 0-0 e6 6. d3 h6 7. Nbd2 Be7 8. Re1 0-0 9. Qb3 Qb6 10. e4 Bh7 11. e5 Nfd7 12. d4 Na6 13. Nf1 dxc4 14. Qxc4 Nb4 15. Ne3 Nd3 16. Re2 Nxc1 17. Rxc1 Qb4 18. Qxb4 Bxb4 19. a3 Bd3 20. Bf1 Bxe2 21. Bxe2 Be7 22. Nc4 Nb6 23. Na5 Rab8 24. b4 Nd5 25. Nd2 Rfd8 26. Ndb3 Rd7 27. Kg2 Kf8 28. Kf3 Rc7 29. Ke4 f5+ 30. Kd3 g5 31. h3 Kg7 32. Bh5 Rbc8 33. Nc5 Bxc5 34. dxc5 Ne7 35. Nc4 Rd8+ 36. Nd6 Ng6 37. Re1 Rcd7 38. Kc4 Rf8 39. Bd1 f4 40. g4 f3 41. Re3 Nf4 42. Rxf3 Ng6 43. Kd4 Rf4+ 44. Rxf4 Nxf4 45. Bb3 Kf8 46. Ke4 Ke7 47. h4 Kd8 48. h5 a6 49. Bc4 1-0